| 000 | 01176nam0a22003131 4500 | ||
|---|---|---|---|
| 001 | RU\NLR\INFOCOMM_161\5000083983 | ||
| 005 | 20250613100156.0 | ||
| 035 | _a(NLR Aleph) 009331499 | ||
| 090 |
_a9456372 _c9456372 |
||
| 100 | _a20101013d1985 |||y0rusy50 ca | ||
| 101 | 0 | _ager | |
| 102 | _aRU | ||
| 105 | _ay ||||000|y | ||
| 200 | 1 |
_aWettrüsten und Konversion der Rüstungswirtschaft _fR. Faramasjan |
|
| 210 |
_aМ. _cNauka _d1985 |
||
| 215 |
_a71 с. _d21 см |
||
| 225 | 1 |
_aWeltfrieden u. Abrüstung _fWiss. Rat für Friedens- u. Abrüstungsforschungen |
|
| 300 | _aВ вып. дан.: Гонка вооружений и конверсия военной экономики / Фарамазян Рачик Арташесович | ||
| 320 | _aБиблиогр.: с. 66-67 | ||
| 320 | _a"Kurze Bibliogr. der sow. Lit. zu Abrüstungsproblemen": с. 70-71 | ||
| 606 |
_aМилитаризм _2nlr_sh1 |
||
| 686 |
_aТ3(0)63-205 _2rubbk |
||
| 700 | 1 |
_9z02790 _aFaramazjan _bR. A. _gRačik Artašesovič _4070 |
|
| 790 | 1 |
_9z02700 _aFaramasjan _bR. _4070 |
|
| 801 | 1 |
_aRU _bNLR _c20101013 |
|
| 801 | 0 |
_aRU _bNLR _gPSBO |
|
| 852 |
_aNLR _jИ25 Д-4/334 |
||
| 942 | _cBOOK | ||
| 980 | _aNB | ||